CISCO IOS in a Nutshell: a desktop quick reference for IOS on IP networks

Enregistré dans:
Détails bibliographiques
Auteur principal: Boney, James (Auteur)
Format: Livre
Langue:anglais
Publié: Sebastopol O'Reilly 2002
Édition:1a. ed
Sujets:
Tags: Ajouter un tag
Pas de tags, Soyez le premier à ajouter un tag!

MARC

LEADER 00000nam a2200000 a 4500
001 UCJ9073
003 CL-VaPUC
008 070302e20020000us |||||||||||||||||eng|d
020 |a 156592942X 
082 0 4 |a 004.62  |b BON  |2 21 
100 0 |a Boney, James  |e author  |9 518987 
245 1 0 |a CISCO IOS in a Nutshell: a desktop quick reference for IOS on IP networks 
250 |a 1a. ed 
300 |a 592 p 
942 |c BK 
945 |d 20070302 00:00:00  |a cmena 
260 |a Sebastopol  |b O'Reilly  |c 2002 
650 0 |a Redes de computadores  |9 263293 
650 0 |a Toma de decisiones   |9 257530 
650 0 |a Protocolos de redes   |9 464559 
650 7 |a REDES LOCALES  |2 CL-VaPUC  |9 474828 
583 |a last modification  |c 20171130 02:27:42  |k Rodrigo Vera 
999 |c 324709  |d 324707 
952 |0 0  |1 0  |4 0  |6 004_620000000000000_BON_2002  |7 0  |8 A  |9 405044  |a BIBING  |b BIBING  |d 2019-11-22  |i 4321618  |l 1  |o 004.62 BON 2002  |p 4321618  |r 2024-01-25  |s 2023-10-24  |w 2019-11-22  |y BK  |k EIE